[Event "Caioba Telecom op"]
[Site "Caioba"]
[Date "2018.08.05"]
[Round "9"]
[White "Baccarin, Natalia Viaro"]
[Black "Fernandes, Jose Costa Jr"]
[Result "1/2-1/2"]
[WhiteElo "1848"]
[BlackElo "2274"]
[PlyCount "60"]
[EventDate "2018.08.01"]
[EventType "swiss"]
[EventRounds "9"]
[EventCountry "BRA"]
[SourceTitle "CBM 186 Extra"]
[Source "ChessBase"]
[SourceDate "2018.08.24"]
[SourceVersion "1"]
[SourceVersionDate "2018.08.24"]
[SourceQuality "1"]

1. e4 c5 2. Nf3 e6 3. d4 cxd4 4. Nxd4 a6 5. Nc3 Qc7 6. f4 d6 7. Be2 Nc6 8. Be3 Nf6 9. 0-0 Be7 10. Bf3 0-0 11. e5 dxe5 12. Nxc6 bxc6 13. fxe5 Qxe5 14. Qd4 Qxd4 15. Bxd4 Bb7 16. Na4 Rad8 17. c3 Nd5 18. Rad1 a5 19. c4 Nf6 20. Bb6 Rxd1 21. Rxd1 Ra8 22. b3 Kf8 23. Bc5 Rb8 24. Bb6 Ra8 25. Bc5 Rb8 26. Bb6 Bb4 27. Nc5 Ba8 28. Ba7 Rc8 29. Bb6 Rb8 30. Ba7 Rc8 1/2-1/2

[Event "Brazil Foz do Iguacu op"]
[Site "Foz do Iguacu"]
[Date "2018.05.20"]
[Round "9"]
[White "Rodio, Julia Brunetto"]
[Black "Baccarin, Natalia Viaro"]
[Result "1/2-1/2"]
[WhiteElo "1725"]
[BlackElo "1874"]
[PlyCount "32"]
[EventDate "2018.05.16"]
[EventType "swiss"]
[EventRounds "9"]
[EventCountry "BRA"]
[SourceTitle "EXT 2019"]
[Source "ChessBase"]
[SourceDate "2018.10.10"]
[SourceVersion "1"]
[SourceVersionDate "2018.10.10"]
[SourceQuality "1"]

1. e4 c5 2. Nc3 Nc6 3. g3 g6 4. Bg2 Bg7 5. d3 d6 6. Be3 Rb8 7. Qd2 b5 8. a4 b4 9. Nd1 e6 10. Nf3 Nge7 11. 0-0 0-0 12. h3 a5 13. g4 f5 14. Rb1 Ba6 15. Re1 fxe4 16. dxe4 c4 1/2-1/2

[Event "Brazil Foz do Iguacu op"]
[Site "Foz do Iguacu"]
[Date "2018.05.19"]
[Round "7"]
[White "Villasanti, Sebastian"]
[Black "Baccarin, Natalia Viaro"]
[Result "0-1"]
[WhiteElo "1677"]
[BlackElo "1874"]
[PlyCount "52"]
[EventDate "2018.05.16"]
[EventType "swiss"]
[EventRounds "9"]
[EventCountry "BRA"]
[SourceTitle "CBM 184 Extra"]
[Source "ChessBase"]
[SourceDate "2018.06.28"]
[SourceVersion "1"]
[SourceVersionDate "2018.06.28"]
[SourceQuality "1"]

1. d4 Nf6 2. Bg5 e6 3. e4 h6 4. Bxf6 Qxf6 5. c3 d6 6. Bd3 Nd7 7. Ne2 g6 8. 0-0 Bg7 9. f4 d5 10. e5 Qe7 11. Na3 a6 12. Qe1 b6 13. Nc2 Bb7 14. b3 c5 15. Rc1 Rc8 16. g4 c4 17. Bxg6 fxg6 18. Ne3 0-0 19. Qg3 Kh7 20. f5 gxf5 21. gxf5 exf5 22. Nxf5 Qg5 23. Qxg5 hxg5 24. Neg3 cxb3 25. axb3 Nxe5 26. Nxg7 Nf3+ 0-1

[Event "Brazil Foz do Iguacu op"]
[Site "Foz do Iguacu"]
[Date "2018.05.17"]
[Round "4"]
[White "Baccarin, Natalia Viaro"]
[Black "Gomes, Marco Tulio Caldeir"]
[Result "1/2-1/2"]
[WhiteElo "1874"]
[BlackElo "1708"]
[PlyCount "39"]
[EventDate "2018.05.16"]
[EventType "swiss"]
[EventRounds "9"]
[EventCountry "BRA"]
[SourceTitle "CBM 184 Extra"]
[Source "ChessBase"]
[SourceDate "2018.06.28"]
[SourceVersion "1"]
[SourceVersionDate "2018.06.28"]
[SourceQuality "1"]

1. e4 c5 2. Nf3 Nc6 3. d4 cxd4 4. Nxd4 e6 5. Nc3 Qc7 6. f4 a6 7. Nxc6 dxc6 8. Be3 Nf6 9. Bd3 b5 10. 0-0 Bb7 11. e5 Nd5 12. Nxd5 cxd5 13. Kh1 g6 14. Qg4 h5 15. Qe2 Bg7 16. Bd4 Qe7 17. Qf2 Rc8 18. c3 h4 19. h3 Bh6 20. Be2 1/2-1/2

[Event "Brazil Foz do Iguacu op"]
[Site "Foz do Iguacu"]
[Date "2018.05.17"]
[Round "3"]
[White "Malbran, Guillermo"]
[Black "Baccarin, Natalia Viaro"]
[Result "1-0"]
[WhiteElo "2214"]
[BlackElo "1874"]
[PlyCount "89"]
[EventDate "2018.05.16"]
[EventType "swiss"]
[EventRounds "9"]
[EventCountry "BRA"]
[SourceTitle "CBM 184 Extra"]
[Source "ChessBase"]
[SourceDate "2018.06.28"]
[SourceVersion "1"]
[SourceVersionDate "2018.06.28"]
[SourceQuality "1"]

1. e4 c5 2. Nf3 Nc6 3. Bb5 g6 4. 0-0 Bg7 5. c3 e5 6. d4 cxd4 7. cxd4 Nxd4 8. Nxd4 exd4 9. Bf4 Ne7 10. Nd2 0-0 11. Bd6 Qb6 12. Bxe7 Qxb5 13. Bxf8 Kxf8 14. Qb3 Qxb3 15. Nxb3 b6 16. Rfd1 d3 17. Rab1 Bb7 18. f3 Ba6 19. Nc1 Bd4+ 20. Kh1 Rc8 21. Nxd3 Bxd3 22. Rxd3 Bxb2 23. Rxd7 a5 24. Rd6 a4 25. Rxb6 a3 26. h4 Rc2 27. Rb3 Bc1 28. Rxc1 Rxc1+ 29. Kh2 Ke7 30. Rxa3 Ke6 31. Ra6+ Ke5 32. Ra7 Ke6 33. g4 h5 34. gxh5 gxh5 35. Ra5 f6 36. Kg3 Rc2 37. a4 Ra2 38. Kf4 Ra3 39. Ra6+ Kf7 40. a5 Ke7 41. Ra8 Kf7 42. a6 Kg7 43. a7 Ra5 44. Ke3 Kh7 45. Rf8 1-0

[Event "Caioba Telecom op"]
[Site "Caioba"]
[Date "2017.09.30"]
[Round "5"]
[White "Baccarin, Natalia Viaro"]
[Black "Wilberger, Marcelo"]
[Result "1/2-1/2"]
[WhiteElo "1906"]
[BlackElo "1619"]
[PlyCount "65"]
[EventDate "2017.09.28"]
[EventType "swiss"]
[EventRounds "8"]
[EventCountry "BRA"]
[SourceTitle "EXT 2018"]
[Source "ChessBase"]
[SourceDate "2017.10.13"]
[SourceVersion "1"]
[SourceVersionDate "2017.10.13"]
[SourceQuality "1"]

1. e4 c5 2. Nf3 d6 3. d4 cxd4 4. Nxd4 Nf6 5. Nc3 a6 6. h3 e6 7. g4 d5 8. Bg2 Bb4 9. 0-0 0-0 10. g5 Nxe4 11. Nxe4 dxe4 12. c3 e5 13. Bxe4 exd4 14. cxb4 Nc6 15. Bf4 Re8 16. Re1 Be6 17. a3 Bd5 18. Bd3 Qd7 19. Kh2 Be6 20. Qc2 g6 21. h4 Rac8 22. Qb1 Bg4 23. Be4 Be6 24. h5 Bd5 25. hxg6 hxg6 26. Bxg6 fxg6 27. Qxg6+ Kh8 28. Rxe8+ Rxe8 29. Kg3 Qe6 30. Qh5+ Kg7 31. Re1 Qxe1 32. Qh6+ Kg8 33. Qg6+ 1/2-1/2

[Event "Caioba Telecom op"]
[Site "Caioba"]
[Date "2017.09.30"]
[Round "6"]
[White "De Carvalho, Thais Ferreira Mont"]
[Black "Baccarin, Natalia Viaro"]
[Result "1-0"]
[WhiteElo "1562"]
[BlackElo "1906"]
[PlyCount "61"]
[EventDate "2017.09.28"]
[EventType "swiss"]
[EventRounds "8"]
[EventCountry "BRA"]
[SourceTitle "EXT 2020"]
[Source "ChessBase"]
[SourceDate "2019.10.17"]
[SourceVersion "1"]
[SourceVersionDate "2019.10.17"]
[SourceQuality "1"]

1. c4 e5 2. Nf3 e4 3. Nd4 Nf6 4. Nc3 b6 5. g3 Bc5 6. Nb3 e3 7. dxe3 Bb7 8. Nd5 Nxd5 9. cxd5 Bb4+ 10. Bd2 Bxd5 11. Rg1 Qe7 12. Bxb4 Qxb4+ 13. Qd2 Nc6 14. 0-0-0 Qc4+ 15. Kb1 Nb4 16. Bg2 Bxg2 17. Qxd7+ Kf8 18. f3 Qc2+ 19. Ka1 Qxe2 20. Qxc7 Nc2+ 21. Kb1 Qxe3 22. Rxg2 Nb4 23. Rgd2 g6 24. Rd7 Qe6 25. Rd8+ Rxd8 26. Rxd8+ Kg7 27. Qc3+ Kh6 28. Qd2+ Kg7 29. Qd4+ f6 30. Rd7+ Kh6 31. Qh4# 1-0

[Event "BRA-ch (Women) 56th"]
[Site "Rio de Janeiro"]
[Date "2017.02.20"]
[Round "8"]
[White "Baccarin, Natalia Viaro"]
[Black "Feliciano Ebert, Vanessa"]
[Result "0-1"]
[WhiteElo "1946"]
[BlackElo "2200"]
[PlyCount "84"]
[EventDate "2017.02.16"]
[EventType "tourn"]
[EventRounds "9"]
[EventCountry "BRA"]
[EventCategory "9"]
[SourceTitle "CBM 177 Extra"]
[Source "ChessBase"]
[SourceDate "2017.04.27"]
[SourceVersion "1"]
[SourceVersionDate "2017.04.27"]
[SourceQuality "1"]

1. e4 c5 2. Nf3 Nc6 3. d4 cxd4 4. Nxd4 Nf6 5. Nc3 e5 6. Ndb5 d6 7. Bg5 a6 8. Na3 b5 9. Nd5 Be7 10. Bxf6 Bxf6 11. c4 Bg5 12. cxb5 Qa5+ 13. Nc3 Nd4 14. Bc4 0-0 15. 0-0 Rb8 16. Nc2 axb5 17. Nxd4 exd4 18. Nxb5 Rxb5 19. Bxb5 Qxb5 20. Qxd4 Bf6 21. Qxd6 Qxb2 22. a4 Be5 23. Qd3 Qb6 24. Rab1 Qh6 25. g3 Ba6 26. Qd5 Bxf1 27. Rxf1 Qe6 28. Qb7 Rb8 29. Rd1 g6 30. Qa7 Qb6 31. Qxb6 Rxb6 32. f4 Bc7 33. Rc1 Rb7 34. Rc2 Kf8 35. Kg2 Ke7 36. Kf3 Rb3+ 37. Kg4 Bd6 38. Ra2 Rb6 39. Kg5 f6+ 40. Kh6 Kf7 41. Kxh7 Bxf4 42. gxf4 Rb3 0-1

[Event "BRA-ch (Women) 56th"]
[Site "Rio de Janeiro"]
[Date "2017.02.18"]
[Round "4"]
[White "Rothebarth, Ana Vitoria de Paul"]
[Black "Baccarin, Natalia Viaro"]
[Result "1-0"]
[WhiteElo "2039"]
[BlackElo "1946"]
[PlyCount "77"]
[EventDate "2017.02.16"]
[EventType "tourn"]
[EventRounds "9"]
[EventCountry "BRA"]
[EventCategory "9"]
[SourceTitle "CBM 177 Extra"]
[Source "ChessBase"]
[SourceDate "2017.04.27"]
[SourceVersion "1"]
[SourceVersionDate "2017.04.27"]
[SourceQuality "1"]

1. e4 c5 2. Nf3 e6 3. b3 a6 4. Bb2 Nc6 5. c4 Nf6 6. Qe2 Be7 7. e5 Ng4 8. g3 Qc7 9. Bg2 0-0 10. 0-0 Nh6 11. d4 cxd4 12. Nxd4 Nxd4 13. Bxd4 Nf5 14. Bb2 d6 15. Nd2 dxe5 16. Bxe5 Bd6 17. Bb2 Bd7 18. Ne4 Be5 19. Bxe5 Qxe5 20. Qh5 Qc7 21. g4 Nd4 22. Rae1 Qf4 23. Qg5 Qxg5 24. Nxg5 Bc6 25. Bxc6 Nxc6 26. Rd1 Rfd8 27. Ne4 Kf8 28. c5 Ke7 29. f4 Nb4 30. a3 Nc2 31. Rd6 Nxa3 32. Rb6 Rd7 33. Nd6 Rb8 34. Ra1 Nb5 35. Nxb5 axb5 36. Ra7 b4 37. c6 Rd6 38. Rbxb7+ Rxb7 39. cxb7 1-0

[Event "BRA-ch sf (Women)"]
[Site "Sao Paulo"]
[Date "2016.12.03"]
[Round "3"]
[White "Baccarin, Natalia Viaro"]
[Black "Ribeiro, Regina"]
[Result "1/2-1/2"]
[WhiteElo "1946"]
[BlackElo "1977"]
[PlyCount "28"]
[EventDate "2016.12.02"]
[EventType "swiss"]
[EventRounds "6"]
[EventCountry "BRA"]
[SourceTitle "EXT 2018"]
[Source "ChessBase"]
[SourceDate "2017.10.13"]
[SourceVersion "1"]
[SourceVersionDate "2017.10.13"]
[SourceQuality "1"]

1. e4 c5 2. Nf3 Nf6 3. Nc3 Nc6 4. d4 cxd4 5. Nxd4 e5 6. Ndb5 d6 7. Bg5 a6 8. Na3 Be7 9. Bxf6 gxf6 10. Bc4 Be6 11. Qh5 0-0 12. 0-0-0 b5 13. Bxe6 fxe6 14. Qg4+ Kh8 1/2-1/2

[Event "BRA-ch sf (Women)"]
[Site "Sao Paulo"]
[Date "2016.12.02"]
[Round "1"]
[White "Baccarin, Natalia Viaro"]
[Black "De Macedo, Camila Ferreira"]
[Result "1-0"]
[WhiteElo "1946"]
[BlackElo "1714"]
[PlyCount "53"]
[EventDate "2016.12.02"]
[EventType "swiss"]
[EventRounds "6"]
[EventCountry "BRA"]
[SourceTitle "EXT 2018"]
[Source "ChessBase"]
[SourceDate "2017.10.13"]
[SourceVersion "1"]
[SourceVersionDate "2017.10.13"]
[SourceQuality "1"]

1. e4 e6 2. d4 d5 3. Nc3 dxe4 4. Nxe4 Bd7 5. Nf3 Bc6 6. Bd3 Nd7 7. 0-0 Be7 8. Ne5 Bxe4 9. Bxe4 c6 10. Qf3 Ngf6 11. Bxc6 bxc6 12. Nxc6 Qc7 13. Nxe7 Kxe7 14. b3 Rhc8 15. Ba3+ Ke8 16. c4 Nf8 17. d5 Qa5 18. Bb2 Qd8 19. Rfe1 Rab8 20. Rad1 Qb6 21. Be5 Rb7 22. Bd4 Qa6 23. Re2 Re7 24. Rde1 Qd6 25. Be5 Qb6 26. Qg3 exd5 27. Bxf6 1-0

[Event "BRA-ch sf (Women)"]
[Site "Sao Paulo"]
[Date "2016.12.02"]
[Round "2"]
[White "Rothebarth, Ana Vitoria de Paul"]
[Black "Baccarin, Natalia Viaro"]
[Result "1/2-1/2"]
[WhiteElo "2032"]
[BlackElo "1946"]
[PlyCount "62"]
[EventDate "2016.12.02"]
[EventType "swiss"]
[EventRounds "6"]
[EventCountry "BRA"]
[SourceTitle "EXT 2018"]
[Source "ChessBase"]
[SourceDate "2017.10.13"]
[SourceVersion "1"]
[SourceVersionDate "2017.10.13"]
[SourceQuality "1"]

1. e4 c5 2. Nf3 e6 3. g3 Nc6 4. Bg2 e5 5. 0-0 g6 6. c3 Bg7 7. Na3 Nge7 8. Nc2 0-0 9. d4 cxd4 10. cxd4 d5 11. Nxe5 Nxe5 12. dxe5 dxe4 13. Bg5 Qxd1 14. Raxd1 Nc6 15. Bxe4 Bxe5 16. b3 Be6 17. f4 Bc7 18. f5 Bb6+ 19. Be3 Bc8 20. fxg6 hxg6 21. Bxb6 axb6 22. a4 Be6 23. Bd5 Bg4 24. Rc1 Rad8 25. Ne3 Bh3 26. Rfd1 Rfe8 27. Kf2 Nb4 28. Rc7 Nxd5 29. Nxd5 Kg7 30. Ne3 Rxd1 31. Nxd1 Be6 1/2-1/2

[Event "Caioba Telecom op"]
[Site "Caioba"]
[Date "2016.08.28"]
[Round "5"]
[White "De Borba, Guilherme"]
[Black "Baccarin, Natalia Viaro"]
[Result "1-0"]
[WhiteElo "2151"]
[BlackElo "1942"]
[PlyCount "77"]
[EventDate "2016.08.26"]
[EventType "swiss"]
[EventRounds "6"]
[EventCountry "BRA"]
[SourceTitle "CBM 174 Extra"]
[Source "ChessBase"]
[SourceDate "2016.10.10"]
[SourceVersion "1"]
[SourceVersionDate "2016.10.10"]
[SourceQuality "1"]

1. d4 Nf6 2. c4 g6 3. Nc3 Bg7 4. Nf3 d6 5. Bf4 0-0 6. h3 Nbd7 7. e3 c6 8. Be2 a6 9. 0-0 b5 10. Rc1 Bb7 11. Qb3 Nb6 12. c5 Nbd5 13. Nxd5 Nxd5 14. Bh2 a5 15. Bxb5 Nxe3 16. Qxe3 cxb5 17. c6 Ba6 18. Rfe1 Bf6 19. Bf4 e6 20. Rc2 b4 21. Nd2 e5 22. dxe5 dxe5 23. Bxe5 Re8 24. Nf3 Qd5 25. Rc5 Qxa2 26. Qf4 Bxe5 27. Nxe5 Re7 28. Qd4 f6 29. Nf3 Rxe1+ 30. Nxe1 Qa1 31. Qd5+ Kh8 32. Qe6 Qxb2 33. Rxa5 Qc3 34. c7 Qxc7 35. Qxf6+ Qg7 36. Rxa6 Qxf6 37. Rxf6 Rb8 38. Ra6 b3 39. Ra1 1-0

[Event "Caioba Telecom op"]
[Site "Caioba"]
[Date "2016.08.26"]
[Round "1"]
[White "Possan, Andre Corso"]
[Black "Baccarin, Natalia Viaro"]
[Result "0-1"]
[WhiteElo "1800"]
[BlackElo "1942"]
[PlyCount "74"]
[EventDate "2016.08.26"]
[EventType "swiss"]
[EventRounds "6"]
[EventCountry "BRA"]
[SourceTitle "CBM 174 Extra"]
[Source "ChessBase"]
[SourceDate "2016.10.10"]
[SourceVersion "1"]
[SourceVersionDate "2016.10.10"]
[SourceQuality "1"]

1. c4 Nf6 2. Nc3 g6 3. d3 Bg7 4. g3 e5 5. Bg2 d6 6. Nf3 0-0 7. 0-0 Nc6 8. Bg5 h6 9. Bd2 Be6 10. Qc2 Nh5 11. e4 f5 12. exf5 gxf5 13. Ne2 Ne7 14. d4 e4 15. Ne1 d5 16. cxd5 Nxd5 17. Nc3 c6 18. Nxd5 cxd5 19. Bb4 Rf7 20. Bc3 f4 21. Qd2 f3 22. Bxf3 exf3 23. Nc2 Nf6 24. Qe3 Ne4 25. Ne1 Bh3 26. Nxf3 Bxf1 27. Rxf1 Nxc3 28. bxc3 Qe8 29. Ne5 Bxe5 30. dxe5 Qe6 31. Qd2 Rf3 32. Kg2 Raf8 33. Qd4 a6 34. Rb1 Rxf2+ 35. Kg1 Qh3 36. Qxf2 Rxf2 37. Kh1 Qxh2# 0-1

[Event "Sao Paulo ECP B"]
[Site "Sao Paulo"]
[Date "2016.04.30"]
[Round "6.2"]
[White "Baccarin, Natalia Viaro"]
[Black "Primo E Silva, Beatriz"]
[Result "1-0"]
[WhiteElo "1928"]
[BlackElo "1402"]
[PlyCount "75"]
[EventDate "2016.03.12"]
[EventType "tourn"]
[EventRounds "11"]
[EventCountry "BRA"]
[SourceTitle "EXT 2022"]
[Source "ChessBase"]
[SourceDate "2021.10.06"]
[SourceVersion "1"]
[SourceVersionDate "2021.10.06"]
[SourceQuality "1"]

1. e4 c5 2. Nf3 Nc6 3. d4 cxd4 4. Nxd4 Nf6 5. Nc3 e5 6. Ndb5 d6 7. Bg5 a6 8. Na3 b5 9. Nd5 Qa5+ 10. Qd2 Qxd2+ 11. Bxd2 Nxd5 12. exd5 Ne7 13. c4 bxc4 14. Bxc4 Bb7 15. b4 Nxd5 16. b5 Nb6 17. bxa6 Bxa6 18. Bxa6 Rxa6 19. Nb5 Nd5 20. 0-0 Be7 21. Rfc1 0-0 22. a4 Rb8 23. g3 h6 24. Rd1 Rc8 25. Bxh6 Nc3 26. Nxc3 Rxc3 27. Bd2 Rc4 28. a5 Rc5 29. Rdb1 Bf6 30. Rb8+ Kh7 31. Rab1 d5 32. R8b6 Ra7 33. Rb7 Rc7 34. a6 Bd8 35. Ba5 Rcxb7 36. axb7 Rxa5 37. b8Q Bf6 38. Qc7 1-0

[Event "Sao Paulo Freitas op 2nd"]
[Site "Sao Paulo"]
[Date "2016.04.17"]
[Round "6"]
[White "Pirola, Claudionor Alcides"]
[Black "Baccarin, Natalia Viaro"]
[Result "0-1"]
[WhiteElo "2143"]
[BlackElo "1962"]
[PlyCount "50"]
[EventDate "2016.04.15"]
[EventType "swiss"]
[EventRounds "6"]
[EventCountry "BRA"]
[SourceTitle "EXT 2017"]
[Source "ChessBase"]
[SourceDate "2016.10.25"]
[SourceVersion "1"]
[SourceVersionDate "2016.10.25"]
[SourceQuality "1"]

1. e4 c5 2. Nf3 e6 3. d4 cxd4 4. Nxd4 Nc6 5. Nc3 a6 6. Nxc6 bxc6 7. Bd3 Nf6 8. 0-0 d5 9. Qe2 d4 10. Na4 e5 11. b3 Be7 12. f4 Nd7 13. Kh1 a5 14. fxe5 Nxe5 15. Bf4 Nxd3 16. cxd3 g5 17. Be5 f6 18. Bg3 h5 19. Bf2 Qd6 20. Qb2 c5 21. Rac1 g4 22. Bg1 Qe5 23. Qd2 h4 24. g3 Bb7 25. Rf5 Qxf5 0-1

[Event "Sao Paulo op-A U2300 4th"]
[Site "Sao Paulo"]
[Date "2016.03.26"]
[Round "4"]
[White "Baccarin, Natalia Viaro"]
[Black "De Paula, Rafael Figueiredo"]
[Result "0-1"]
[WhiteElo "1928"]
[BlackElo "2257"]
[PlyCount "54"]
[EventDate "2016.03.24"]
[EventType "swiss"]
[EventRounds "7"]
[EventCountry "BRA"]
[SourceTitle "CBM 171 Extra"]
[Source "ChessBase"]
[SourceDate "2016.04.26"]
[SourceVersion "1"]
[SourceVersionDate "2016.04.26"]
[SourceQuality "1"]

1. e4 e6 2. d4 d5 3. Nc3 Bb4 4. e5 Ne7 5. a3 Bxc3+ 6. bxc3 c5 7. Qg4 Qc7 8. Bd3 cxd4 9. Ne2 dxc3 10. Qxg7 Rg8 11. Qf6 Nd7 12. Qh6 Rxg2 13. Ng3 Nxe5 14. Bb5+ Bd7 15. Bxd7+ Kxd7 16. Qh3 Nf3+ 17. Kf1 Rxg3 18. hxg3 Qc4+ 19. Kg2 Qe4 20. Kf1 Qe1+ 21. Kg2 Qe4 22. Kf1 Qxc2 23. Qxh7 Qd1+ 24. Kg2 Ne1+ 25. Kh2 Qf3 26. Rxe1 Qxf2+ 27. Kh3 Qxe1 0-1

[Event "Sao Paulo op-A U2300 4th"]
[Site "Sao Paulo"]
[Date "2016.03.24"]
[Round "1"]
[White "Baccarin, Natalia Viaro"]
[Black "Queiroz, Alberto Becker"]
[Result "0-1"]
[WhiteElo "1928"]
[BlackElo "2175"]
[PlyCount "122"]
[EventDate "2016.03.24"]
[EventType "swiss"]
[EventRounds "7"]
[EventCountry "BRA"]
[SourceTitle "CBM 171 Extra"]
[Source "ChessBase"]
[SourceDate "2016.04.26"]
[SourceVersion "1"]
[SourceVersionDate "2016.04.26"]
[SourceQuality "1"]

1. e4 c6 2. d4 d5 3. exd5 cxd5 4. c4 Nf6 5. Nc3 g6 6. cxd5 Bg7 7. Qb3 0-0 8. Be2 Na6 9. Bf3 Qb6 10. Qxb6 axb6 11. Nge2 Nb4 12. 0-0 Rd8 13. Bf4 Nbxd5 14. Be5 Be6 15. a3 Rac8 16. Rac1 Bh6 17. Nxd5 Nxd5 18. Rxc8 Rxc8 19. Bxd5 Bxd5 20. Nc3 Bc4 21. Rd1 Bb3 22. Rf1 f6 23. Bg3 e6 24. h3 Rc4 25. Ne4 Kg7 26. Re1 Rc1 27. f3 Be3+ 28. Kh2 Rxe1 29. Bxe1 Bxd4 30. Bc3 Bxc3 31. Nxc3 Kf7 32. Kg3 g5 33. h4 gxh4+ 34. Kxh4 Ke7 35. Kg4 Kd6 36. Kf4 Bc2 37. b4 Bg6 38. g3 h6 39. Ke3 Be8 40. Ne4+ Ke7 41. Nc3 Kf7 42. Ne4 Bc6 43. Nd6+ Kf8 44. f4 Kg7 45. Kd4 Kg6 46. Nc8 Kh5 47. Ke3 Kg4 48. Kf2 b5 49. Ne7 e5 50. fxe5 fxe5 51. Ng6 e4 52. Ne5+ Kf5 53. Nf7 h5 54. Nd6+ Kg4 55. Nf7 e3+ 56. Kxe3 Kxg3 57. Ng5 h4 58. Kd4 h3 59. Nxh3 Kxh3 60. Ke3 Kg3 61. Ke2 Kf4 0-1

[Event "BRA-ch (Women)"]
[Site "Sao Paulo"]
[Date "2016.02.09"]
[Round "8"]
[White "Baccarin, Natalia Viaro"]
[Black "Chaves, Joara"]
[Result "1-0"]
[WhiteElo "1921"]
[BlackElo "1954"]
[PlyCount "37"]
[EventDate "2016.02.05"]
[EventType "tourn"]
[EventRounds "9"]
[EventCountry "BRA"]
[SourceTitle "CBM 171 Extra"]
[Source "ChessBase"]
[SourceDate "2016.04.26"]
[SourceVersion "1"]
[SourceVersionDate "2016.04.26"]
[SourceQuality "1"]

1. e4 e5 2. Nf3 Nc6 3. d4 exd4 4. Nxd4 Bc5 5. Nb3 Bb6 6. Nc3 a5 7. Nd5 Qh4 8. Qe2 a4 9. g3 Qd8 10. Nxb6 axb3 11. Nxa8 Nd4 12. Qc4 Nxc2+ 13. Kd1 Nxa1 14. Nxc7+ Kf8 15. axb3 d6 16. Nd5 Be6 17. Qa4 Bxd5 18. exd5 Qb6 19. Bb5 1-0

[Event "BRA-ch (Women)"]
[Site "Sao Paulo"]
[Date "2016.02.07"]
[Round "4"]
[White "Alboredo, Julia"]
[Black "Baccarin, Natalia Viaro"]
[Result "1/2-1/2"]
[WhiteElo "2058"]
[BlackElo "1921"]
[PlyCount "60"]
[EventDate "2016.02.05"]
[EventType "tourn"]
[EventRounds "9"]
[EventCountry "BRA"]
[SourceTitle "CBM 171 Extra"]
[Source "ChessBase"]
[SourceDate "2016.04.26"]
[SourceVersion "1"]
[SourceVersionDate "2016.04.26"]
[SourceQuality "1"]

1. e4 c5 2. Nf3 e6 3. d4 cxd4 4. Nxd4 Nc6 5. Nc3 a6 6. Be3 Nf6 7. Qd2 Bb4 8. f3 d5 9. a3 Qa5 10. Nb3 Bxc3 11. bxc3 Qc7 12. Bg5 0-0 13. Bxf6 gxf6 14. Bd3 Ne5 15. 0-0 Qb6+ 16. Kh1 Bd7 17. exd5 exd5 18. Nd4 Nxd3 19. cxd3 Rac8 20. f4 f5 21. Rf3 Kh8 22. Rh3 Rg8 23. Nf3 Rg7 24. Qe1 Qb2 25. Rg3 Rxg3 26. hxg3 Qxc3 27. Qg1 Qg7 28. Rb1 Bc6 29. Qf2 Rg8 30. Kh2 Qh6+ 1/2-1/2

[Event "BRA-ch (Women)"]
[Site "Sao Paulo"]
[Date "2016.02.06"]
[Round "2"]
[White "Feliciano Ebert, Vanessa"]
[Black "Baccarin, Natalia Viaro"]
[Result "1-0"]
[WhiteElo "2216"]
[BlackElo "1921"]
[PlyCount "89"]
[EventDate "2016.02.05"]
[EventType "tourn"]
[EventRounds "9"]
[EventCountry "BRA"]
[SourceTitle "CBM 171 Extra"]
[Source "ChessBase"]
[SourceDate "2016.04.26"]
[SourceVersion "1"]
[SourceVersionDate "2016.04.26"]
[SourceQuality "1"]

1. e4 c5 2. Nf3 e6 3. d3 Nc6 4. g3 g6 5. Bg2 Bg7 6. c3 e5 7. 0-0 Nge7 8. a4 0-0 9. Na3 d5 10. exd5 Nxd5 11. Re1 Re8 12. Nc4 Bf5 13. Nh4 Be6 14. a5 Qd7 15. Nf3 Bf5 16. Ng5 Rad8 17. Ne4 Qe7 18. Qa4 Nc7 19. Bg5 f6 20. Be3 Rxd3 21. Nxc5 Rxe3 22. Nxe3 Qxc5 23. Nxf5 gxf5 24. Qb3+ Kh8 25. Qxb7 Nxa5 26. Qf3 e4 27. Qh5 Nb7 28. Qe2 Nd5 29. Qa6 e3 30. fxe3 Nxe3 31. Qxa7 Bf8 32. Qxc5 Bxc5 33. Bxb7 Nc2+ 34. Kf1 Nxe1 35. Rxe1 Rb8 36. b4 Bxb4 37. cxb4 Rxb7 38. Rb1 Rb5 39. Ke2 Kg7 40. Kd3 Kf7 41. Kc4 Re5 42. b5 Re2 43. b6 Rc2+ 44. Kd5 Rc8 45. b7 1-0

[Event "BRA-ch (Women)"]
[Site "Sao Paulo"]
[Date "2016.02.05"]
[Round "1"]
[White "Baccarin, Natalia Viaro"]
[Black "Terao, Juliana Sayumi"]
[Result "0-1"]
[WhiteElo "1921"]
[BlackElo "2234"]
[PlyCount "80"]
[EventDate "2016.02.05"]
[EventType "tourn"]
[EventRounds "9"]
[EventCountry "BRA"]
[SourceTitle "CBM 171 Extra"]
[Source "ChessBase"]
[SourceDate "2016.04.26"]
[SourceVersion "1"]
[SourceVersionDate "2016.04.26"]
[SourceQuality "1"]

1. e4 c5 2. Nf3 e6 3. d4 cxd4 4. Nxd4 a6 5. c4 Nf6 6. Nc3 Qc7 7. a3 b6 8. Be3 Bb7 9. f3 d6 10. Rc1 Be7 11. Be2 Nbd7 12. 0-0 0-0 13. Qd2 Rac8 14. Rc2 Rfe8 15. b4 Qb8 16. Nb3 Bd8 17. Kh1 h5 18. Rd1 Bc7 19. Bg1 h4 20. a4 h3 21. Bf1 Ne5 22. a5 bxa5 23. b5 hxg2+ 24. Kxg2 axb5 25. cxb5 a4 26. Nd4 Ba5 27. Qc1 d5 28. exd5 Bxc3 29. Rxc3 Nxd5 30. Nc6 Bxc6 31. Rxc6 Nxc6 32. bxc6 Qb3 33. Rd3 Qa2+ 34. Bf2 e5 35. Kg1 Nf4 36. Rd7 Qe6 37. Bc4 Rxc6 38. Qxf4 Rxc4 39. Qd2 Qg6+ 40. Bg3 Qb1+ 0-1

[Event "Rio Claro IRT U2200 3rd"]
[Site "Rio Claro"]
[Date "2015.11.21"]
[Round "3.3"]
[White "Da Silva, Wagner Jose"]
[Black "Baccarin, Natalia Viaro"]
[Result "0-1"]
[WhiteElo "1923"]
[BlackElo "1926"]
[PlyCount "72"]
[EventDate "2015.11.21"]
[EventType "swiss"]
[EventRounds "5"]
[EventCountry "BRA"]
[SourceTitle "EXT 2022"]
[Source "ChessBase"]
[SourceDate "2021.10.06"]
[SourceVersion "1"]
[SourceVersionDate "2021.10.06"]
[SourceQuality "1"]

1. e4 c5 2. Nf3 Nc6 3. d4 cxd4 4. Nxd4 Nf6 5. Nc3 e6 6. Ndb5 d6 7. Bf4 e5 8. Bg5 a6 9. Na3 b5 10. Nd5 Be7 11. Bxf6 Bxf6 12. c3 Bg5 13. Nc2 0-0 14. Nce3 Be6 15. Bd3 Ne7 16. 0-0 Nxd5 17. exd5 Bd7 18. Nf5 Bxf5 19. Bxf5 g6 20. Bc2 f5 21. f3 Be3+ 22. Kh1 Qh4 23. Qe1 Qh6 24. g3 Rac8 25. Qe2 Bc5 26. Rfe1 g5 27. Qd2 e4 28. fxe4 fxe4 29. Rf1 e3 30. Qe2 Rf2 31. Rxf2 exf2 32. Kg2 Qf6 33. Qf3 Qxf3+ 34. Kxf3 Re8 35. Rf1 Re1 36. Bd3 Re3+ 0-1